Marketingový mix vo vybranej spoločnosti diplomová práca

Enregistré dans:
Détails bibliographiques
Auteur principal: Štefkovičová, Romana
Collectivité auteur: Obchodná fakulta EU. Katedra marketingu
Autres auteurs: Daňo, Ferdinand, 1959-
Format: Livre
Langue:slovaque
Publié: Bratislava 2016
Tags: Ajouter un tag
Pas de tags, Soyez le premier à ajouter un tag!

MARC

LEADER 00000nbm a2200000 4500
001 0216601
005 20170112113953.5
041 0 |a slo 
044 |a SK 
245 1 0 |a Marketingový mix vo vybranej spoločnosti  |b diplomová práca  |c Romana Štefkovičová ; školiteľ: Ferdinand Daňo 
264 1 |a Bratislava  |c 2016 
300 |a 73 s. 
100 1 |a Štefkovičová, Romana 
700 1 |a Daňo, Ferdinand, 1959- 
710 2 |a Obchodná fakulta EU. Katedra marketingu